Statistics for Types Of fabric

Click here to take the quiz!

General Stats

  • This quiz has been taken 15 times
  • The average score is 5 of 12

Answer Stats

Answer% Correct
Denim
67%
Leather
67%
Silk
67%
Velvet
67%
Cotton
58%
Wool
50%
Linen
33%
Polyester
33%
Flannel
25%
Chiffon
17%
Fleece
8%
Crepe
0%

Score Distribution

Percentile by Number Answered

Percent of People with Each Score

Your Score History

You have not taken this quiz